|
|
|
|
| LEADER |
00000nab a2200000 a 4500 |
| 001 |
vtls000385234 |
| 003 |
SK-MaSNL |
| 005 |
20260318140751.0 |
| 008 |
111202c1989 xo 0 rus |
| 015 |
|
|
|a SNBRA19rr/mm-uuuuu
|
| 035 |
|
|
|a CL0385356
|
| 040 |
|
|
|a SNKBUCL
|b slo
|c SNKBUCL
|e AACR2
|
| 041 |
0 |
|
|a rus
|
| 044 |
|
|
|a xo
|c SK
|
| 080 |
|
|
|a 621.941.01:621.822.6-477
|2 1981
|
| 080 |
|
|
|a 621.822.6-477
|2 1981
|
| 100 |
1 |
|
|a Bokučava, G.
|4 aut
|9 1142658
|
| 245 |
1 |
0 |
|a Optimizacija processa tokarnoj obrabotki podšipnikovych kolec
|c G. Bokučava, K. Vasilko
|
| 300 |
|
|
|b Grafy 3. Sch. 1. Res. slov.
|
| 650 |
0 |
7 |
|a krúžky ložiskové
|2 snkbucl
|9 933952
|
| 650 |
0 |
7 |
|a sústruženie
|2 snkbucl
|9 69997
|
| 655 |
|
7 |
|a články zo zborníkov
|2 snkbucl
|9 166140
|
| 700 |
1 |
|
|a Vasilko, Karol,
|d 1942-
|4 aut
|9 86126
|
| 773 |
0 |
|
|t Vývojové smery vo výrobe valivých ložísk
|d Žilina : Dom techniky ČSVTS, 1989
|g S. 257-267
|
| 850 |
|
|
|a Slovenská národná knižnica v Martine
|a MTA001
|
| 852 |
|
|
|a SNK
|b KIS3GCP
|
| 958 |
|
|
|a RK
|
| 958 |
|
|
|a SU
|
| 992 |
|
|
|a RZB
|
| 999 |
|
|
|c 1931925
|d 1933855
|